00335nam a2200133Ia 4500008004100000020002200041041000800063082001700071100001300088245003300101250000900134260004900143300000900192230627s9999 xx 000 0 und d a978-81-7534-977-3 aeng a342.940bDAS aDas,P.K. aThe Right To Information Act a3ed. bUniversal Law Publishing Co. Pvt. Ltd.c2010 a752p